Miasta w Polsce na literę A - Statystyki

Ogólne statystyki
  • Ten quiz został rozwiązany 17 razy
  • Średni wynik to 4 z 6
Statystyki odpowiedzi
Liczba Ludności Miasto na literę A % Poprawnych
ok. 20 000 Andrychów
93%
ok. 30 000 Augustów
87%
ok. 22 000 Aleksandrów Kujawski
67%
ok. 22 000 Aleksandrów Łódzki
67%
ok. 9 000 Annopol
60%
ok. 3 000 Alwernia
53%
Nie znaleziono quizów pasujących do podanych kryteriów
Rozkład punktacji
Procent ludzi z każdym wynikiem
Percentyl według liczby udzielonych odpowiedzi
Twoja historia wyników
Nie rozwiązałeś tego quizu